000 00445nam a2200193Ia 4500
008 210210b1912 xxu||||| |||| 00| 0 eng d
041 _aeng
082 _a829/1154
100 _aTROLLOPE (A)
245 _aLast chronicles of barset II
260 _aLondon
_bJ M Dent and Sons Ltd.
_c1912
650 _aof
650 _aLast
650 _aII
650 _achronicles
650 _abarset
690 _aEnglish Fiction
906 _a017766
999 _c137750
_d137750